| 000 | 00625nam a2200205 a 4500 | ||
|---|---|---|---|
| 005 | 20220810120129.0 | ||
| 008 | 991125s1980 mx 000 0 spa u | ||
| 020 | _a9681602897 | ||
| 035 | _aUPN01000007557 | ||
| 049 | _aCG | ||
| 050 | 4 |
_aF1435.1 C5 _bP5.5 |
|
| 100 | 1 |
_aPiña Chan, Román, _d1920-2001 _929417 |
|
| 245 | 1 | 0 |
_aChichén Itzá : _bla ciudad de los brujos del agua / _cRomán Piña Chan. |
| 260 |
_aMéxico : _bFCE, _c1980. |
||
| 300 |
_a156 p., [2] pleg. : _bil. |
||
| 440 | 0 | _aSección de obras de antropología | |
| 651 | 4 |
_aCHICHEN ITZA, YUCATAN _913387 |
|
| 650 | 4 |
_aMayas _xHistoria _923283 |
|
| 905 | _aLibro | ||
| 999 |
_c7557 _d7557 |
||